Statistics for Oscar Directors by Picture #1

Click here to take the quiz!

General Stats

  • This quiz has been taken 225 times
  • The average score is 11 of 20

Answer Stats

Answer% Correct
Clint Eastwood
94%
Quentin Tarantino
93%
Martin Scorsese
86%
Robert Redford
79%
Sofia Coppola
70%
Roman Polanski
65%
Wes Anderson
63%
Kathryn Bigelow
62%
Ang Lee
61%
David Lynch
60%
Oliver Stone
53%
Jordan Peele
52%
Warren Beatty
50%
Bong Joon-ho
46%
Ridley Scott
46%
Federico Fellini
42%
Alejandro González Iñárritu
38%
David Fincher
38%
Ingmar Bergman
23%
Terrence Malick
12%

Score Distribution

Percentile by Number Answered

Percent of People with Each Score

Your Score History

You have not taken this quiz